[Event "Mediterranean-ch 3rd"]
[Site "Antalya"]
[Date "2006.02.03"]
[Round "4"]
[White "Atalik, Suat"]
[Black "Sorensen, Torben"]
[Result "1-0"]
[WhiteElo "2618"]
[BlackElo "2368"]
[Annotator "Atalik,S"]
[PlyCount "65"]
[EventDate "2006.02.01"]
[EventType "swiss"]
[EventRounds "9"]
[EventCountry "TUR"]
[SourceTitle "CBM 110 Extra"]
[Source "ChessBase"]
[SourceDate "2006.03.10"]
[SourceVersion "2"]
[SourceVersionDate "2006.03.10"]
[SourceQuality "1"]

1. d4 f5 2. Nc3 Nf6 3. Bg5 d5 4. e3 $5 (4. Bxf6 exf6 5. e3 $14 {is normal but
since I could have never grasped the subtleties of this position I wanted to
stick on my own way.}) 4... e6 5. Nf3 Be7 (5... c5 6. Ne5 $5 $13) 6. Bd3 c5 7.
dxc5 $1 Bxc5 8. O-O O-O (8... a6 9. Ne2) 9. Na4 $1 Be7 10. c4 Nc6 11. Nc3 $14
Kh8 $6 {This strange move made me to use chunks of time.} (11... Ne4 $1 12.
Bxe7 Qxe7 13. cxd5 Nxc3 14. bxc3 exd5 15. Qa4 $5 $14 (15. Bb5 Be6 $14)) 12. Rc1
(12. cxd5 Nxd5 13. Nxd5 Bxg5 14. Nxg5 Qxg5 15. f4 Qd8 16. Nc3 e5 $14) 12... e5
13. cxd5 $2 {I could not calculate well here.} (13. Bxf6 Bxf6 14. cxd5 e4 15.
dxc6 exd3 16. c7 Qxc7 17. Nd5 Qd6 18. Nxf6 Rxf6 19. Rc3 $16) 13... Nxd5 14.
Nxd5 Bxg5 15. Bb5 (15. Nxg5 Qxg5 16. f4 (16. Bb5 f4) 16... Qd8 $14) 15... Rb8
$5 (15... Be6 16. Nxg5 Bxd5 17. Qh5 h6 18. Rfd1 Qxg5 19. Qxg5 hxg5 20. Rxd5 Nb4
21. Rxe5 $16) 16. Bxc6 {White has to be careful.} (16. Nxg5 $2 Qxg5 17. Bxc6
bxc6 18. Nb4 f4 19. Nxc6 f3 20. g3 Qf5 $17) 16... bxc6 17. Rxc6 (17. Nb4 $5
Rxb4 18. Nxg5 Qe7 19. Qd2 $14) 17... Rxb2 $2 {I have lost some more time to
understand if it is a blunder or sacrifice.} (17... Bb7 18. Rc5 $14) 18. Rxc8 (
18. Qc1 Bb7) 18... Qxc8 19. Nxg5 h6 20. Nf3 $1 {I had to keep the queens since
black rooks would have become very active in the resulting endgame.} (20. Qh5
$6 Qe8 21. Qxe8 Rxe8 22. Nf7+ Kh7 $13 (22... Kg8 23. Nd6)) 20... Rd8 21. Qa1 $2
$138 {I should have grabbed the pawn.} (21. Nxe5 Qe6 22. Nf6 $1 $18) 21... Qc2
22. Ne7 Rdb8 $138 ({I was afraid of} 22... e4 $5 23. Nd4 Rxd4 24. exd4 e3 25.
d5 (25. Ng6+ $2 Kh7 26. Nf4 exf2+ 27. Kh1 Rxa2 $44) 25... exf2+ (25... e2 26.
Re1) 26. Kh1 $18 {However white should be winning here.}) 23. Ne1 Qe2 (23...
Qd2 24. Nxf5 Rb1 25. Qxe5 R8b7 26. Qe8+ Kh7 27. Qe4 $18) 24. Nxf5 e4 25. h3 Kh7
26. Qc1 $1 Rxa2 27. Qc7 ({I could not clearly appreciate the consequences of} 
27. Nxg7 $5 Qb2 28. Qxb2 Rbxb2 (28... Raxb2 29. Nf5 a5 30. Nd4 a4 31. Nec2 Ra2
32. f3 (32. Rc1 $2 a3 33. Kf1 Ra8 $44) 32... exf3 33. Rxf3 $18) 29. Nf5 a5 30.
Nd4 a4 31. Nec2 $18) 27... Qb2 28. g4 a5 29. Ng2 a4 30. Nf4 a3 $2 {He errs in
time trouble.} (30... Ra1 31. Rxa1 Qxa1+ 32. Kg2 Rb1 33. Ng3 a3 34. Qe7 a2 35.
Qxe4+ Kg8 $11) 31. Kg2 Qb7 32. Qd6 Rb2 (32... Ra8 33. Qg6+ Kh8 34. g5 hxg5 35.
Qh5+ Kg8 36. Ng6 Kf7 37. Nge7+ $18 {mates.}) 33. Qxa3 {I was happy to get this
pawn and he immediately resigned.} 1-0

[Event "ROM-chT"]
[Site "Herculane"]
[Date "1996.??.??"]
[Round "4"]
[White "Atalik, Suat"]
[Black "Mozes, Ervin"]
[Result "1-0"]
[WhiteElo "2535"]
[BlackElo "2415"]
[Annotator "Atalik,S"]
[PlyCount "105"]
[EventDate "1996.??.??"]
[EventType "team"]
[EventRounds "5"]
[EventCountry "ROU"]
[SourceTitle "CBM 056"]
[Source "ChessBase"]
[SourceDate "1997.02.01"]
[SourceVersion "1"]
[SourceVersionDate "1997.02.01"]
[SourceQuality "1"]

1. d4 f5 2. Bg5 g6 3. Nc3 Bg7 4. e4 fxe4 5. Nxe4 d5 6. Ng3 $5 c5 7. Nf3 Nc6 (
7... cxd4 8. Nxd4 Qb6 9. Nb5) 8. dxc5 Bxb2 9. Rb1 Bc3+ (9... Qa5+ 10. Bd2 Qxa2
11. c4 $1 $40) 10. Bd2 Qa5 11. Be2 $146 (11. Bb5 Bg4 12. Rb3 $1 {Yevdokimov}
Bxd2+ 13. Qxd2 Qxd2+ 14. Kxd2 Bxf3 15. gxf3 $13) 11... Nf6 12. O-O Bxd2 13.
Qxd2 (13. Rb5 Qc3) 13... Qxd2 (13... Qxc5 14. Rb5 Qd6 15. c4 $44) 14. Nxd2 e5
15. f4 O-O (15... e4 16. c4 e3 17. cxd5 Nxd5 18. Bf3) 16. fxe5 $6 (16. c4 d4
17. fxe5 Nxe5 18. Nf3) 16... Nxe5 17. c4 d4 $6 (17... Be6) 18. Nf3 $1 d3 $2 (
18... Nc6 $8 19. Rfd1 Rd8 20. Rd2) 19. Nxe5 dxe2 20. Rfe1 $1 (20. Nxe2 Bf5 21.
Rbe1 $13) 20... Re8 21. Rxe2 Re7 $2 22. Ng4 $1 Rxe2 23. Nxf6+ Kf7 24. Nxe2 Kxf6
25. Nf4 $1 Ke5 26. Nd5 Bf5 (26... Kd4 27. c6 $1 b6 28. Ne7 (28. Nc7 Rb8 29.
Nb5+ Kc5) 28... Be6 29. Re1 $1 $18) 27. Rxb7 Rc8 28. Rxa7 (28. Nc7 a5 29. Na6
Bd3) (28. Ne3 Rxc5 29. Nxf5 gxf5 30. Rxa7 (30. Rb5 $2 Kd4 31. Rxc5 Kxc5 32. Kf2
Kxc4 33. Ke3 Kb4 34. Kf4 Ka3 35. Kxf5 Kxa2 $19) (30. Rxh7 Ra5) 30... Rxc4 31.
Rxh7 Rc1+ 32. Kf2 Rc2+ $10) 28... Rxc5 29. Ne3 Be4 30. Rxh7 Ra5 31. Nd5 $1 Bd3
$2 (31... Bxd5 32. cxd5 $18) (31... Kd4 32. Rh4) (31... Bb1 $1 $16) 32. Nb4 Be4
33. Rd7 $1 Ke6 34. Rd4 Ke5 35. Rd2 Ra3 36. c5 Rc3 37. c6 Rc4 $138 38. Rb2 $1
Kd4 39. Kf2 Kc3 40. Rb3+ Kd4 41. a3 $5 Rc5 42. g4 $5 g5 $6 (42... Rc1 $8 43. h4
Rh1 44. Kg3 Ke5 45. c7 $1 Rg1+ 46. Kf2 Rc1 47. Nd3+ $18) 43. Ke2 Rc1 44. Kd2
Rc4 (44... Rh1 45. Rh3 Rb1 46. Nc2+) 45. Rh3 Rc5 46. Rh5 Rc3 47. Rxg5 Rxa3 48.
Nc2+ Bxc2 49. Kxc2 (49. c7 Rd3+ 50. Kxc2 Rc3+ 51. Kb2 Rxc7 52. h4 $18) 49...
Rc3+ 50. Kb2 $1 Rxc6 51. h4 $18 Ke4 52. h5 Rc8 53. Kb3 1-0

[Event "Paris NAO GM 3rd"]
[Site "Paris"]
[Date "2003.12.17"]
[Round "3"]
[White "Gozzoli, Yannick"]
[Black "Murey, Jacob"]
[Result "1-0"]
[WhiteElo "2430"]
[BlackElo "2465"]
[Annotator "Atlas,V"]
[PlyCount "63"]
[EventDate "2003.12.15"]
[EventType "tourn"]
[EventRounds "9"]
[EventCountry "FRA"]
[EventCategory "9"]
[SourceTitle "CBM 099"]
[Source "ChessBase"]
[SourceDate "2004.03.30"]
[SourceVersion "1"]
[SourceVersionDate "2004.03.30"]
[SourceQuality "1"]

1. d4 f5 2. Nc3 Nf6 3. Bg5 c6 4. e3 Qb6 5. Bd3 d5 6. Bxf6 exf6 7. a3 Bd6 8. h4
h5 9. Nh3 g6 10. Ne2 Be6 11. Qc1 Bf7 12. c4 Qb3 13. Nc3 dxc4 14. Be2 Nd7 15.
Nb1 Qa4 16. O-O Rc8 17. Nd2 b5 18. e4 fxe4 19. Nxe4 Bc7 20. Bd1 Qa5 21. b4 Qb6
22. Nc5 Nxc5 23. dxc5 Qb8 24. f4 O-O 25. f5 $1 {[%csl Rg6,Rh5][%cal Gd1h5,
Gc1h6] White's compensation for the sacrificed pawn does not seem sufficient,
but his threats should not be underestimated.} Kg7 26. Bc2 gxf5 27. Rxf5 Be5 $4
({This imprudent move is impressively refuted by White. After} 27... Bg6 {
Black has a very promising position.}) {[%tqu "En","Black's last move looks
reasonable, but in fact it's a very bad slip. How to punish Black for it?","Go
after the enemy king!","Sacrifice your rook!","f5g5","This impressive rook
sacrifice is the convincing refutation of Black's careless bishop move.",6]}
28. Rg5+ $1 {[%csl Gc2,Gg5,Rg7][%cal Gc1h6,Gc2h7] This powerful blow yields
White a decisive advantage.} Bg6 ({All other continuation lead to forced mate:
} 28... fxg5 29. Qxg5+ Kh8 30. Qh6+ Kg8 31. Qh7#) (28... Kh8 29. Rxh5+ $1 Kg8 (
29... Bxh5 30. Qh6+ Kg8 31. Qh7#) 30. Rh8+ Kxh8 31. Qh6+ Kg8 32. Qh7#) 29.
Rxg6+ Kf7 30. Qd1 ({was another appealing option.} 30. Qh6) 30... Rfd8 31. Qxh5
$1 Bxa1 32. Ng5+ ({, and Black resigned in view of inevitable mate:} 32. Ng5+
fxg5 (32... Ke7 33. Rg7+ Kf8 34. Ne6#) 33. Qh7+ Kf8 34. Rg8#) 1-0

[Event "Ljubljana op 9th"]
[Site "Ljubljana"]
[Date "1998.??.??"]
[Round "6"]
[White "Gazarek, Danko"]
[Black "Nikolov, Sasho"]
[Result "1/2-1/2"]
[WhiteElo "2315"]
[BlackElo "2415"]
[Annotator "Bulletin"]
[PlyCount "52"]
[EventDate "1998.06.??"]
[EventType "swiss"]
[EventRounds "9"]
[EventCountry "SLO"]
[SourceTitle "EXT 1999"]
[Source "ChessBase"]
[SourceDate "1998.11.16"]
[SourceVersion "1"]
[SourceVersionDate "1998.11.16"]
[SourceQuality "1"]

1. d4 f5 2. Bg5 c6 3. c4 h6 4. Bc1 Nf6 5. Nc3 e6 6. e4 $8 fxe4 7. f3 Bb4 8.
fxe4 O-O 9. Nf3 (9. Bd3 Nxe4 $1) 9... Nxe4 10. Qc2 Rxf3 $5 (10... d5 11. Be2 $5
(11. Bd3 $6 Rxf3 $1 12. gxf3 Bxc3+ 13. bxc3 Qh4+ 14. Kf1 Ng3+ $17)) 11. Qxe4
Rxc3 12. bxc3 Bxc3+ 13. Bd2 $8 d5 14. Qg6 Bxd4 $6 (14... Qh4+ $2 15. Kd1 $1) (
14... Bxd2+ $1 15. Kxd2 Nd7 16. Qxe6+ $2 (16. Bd3 Nf8 $15) 16... Kh8 17. cxd5
Nf6 18. Qe5 Qa5+ 19. Kc2 Bg4 $15) 15. Bd3 Nd7 16. Rf1 (16. Qh7+ Kf7 17. Rf1+
Ke7 $6 (17... Bf6 $5 18. Bxh6 Qg8 $13) 18. Bxh6 Bxa1 19. Bg5+ Nf6 20. Rxf6 Bxf6
21. Qxg7+ Kd6 22. Bxf6 Qa5+ 23. Kf1 dxc4 24. Be7+ Kd5 25. Be2 $18) 16... Nf6
17. O-O-O Bd7 (17... Qb6 $2 18. Rde1 $18) 18. Bxh6 (18. Rxf6 Bxf6 $8 19. Bxh6
Qf8 $1) 18... Qe7 19. Rxf6 Qa3+ 20. Kd2 Qb2+ 21. Bc2 Qc3+ 22. Ke2 Bxf6 23. Rf1
Qxc4+ 24. Bd3 Qxa2+ 25. Bc2 (25. Kf3 $2 Rf8 $8 26. Kg3 Be5+) 25... Qc4+ 26. Bd3
Qa2+ 1/2-1/2

[Event "Lippstadt"]
[Site "Lippstadt"]
[Date "1995.??.??"]
[Round "3"]
[White "Kempinski, Robert"]
[Black "Schlosser, Philipp"]
[Result "1-0"]
[WhiteElo "2455"]
[BlackElo "2500"]
[Annotator "Bulletin"]
[PlyCount "79"]
[EventDate "1995.07.??"]
[EventType "tourn"]
[EventRounds "11"]
[EventCountry "GER"]
[EventCategory "7"]
[SourceTitle "EXT 1997"]
[Source "ChessBase"]
[SourceDate "1996.11.15"]
[SourceVersion "1"]
[SourceVersionDate "1996.11.15"]
[SourceQuality "1"]

1. d4 f5 {Wenn ich vorher um die Kaltblütigkeit und taktische Schlagfertigkeit
meines jungen Gegners gewußt hätte, hätte ich wahrscheinlich einfachere
Stellungsbilder angestrebt.} 2. Bg5 h6 3. Bh4 g5 4. Bg3 Nf6 5. e3 d6 6. Nc3 $5
{Üblich ist eigentlich eine Aufstellung in Verbindung mit Nd2 und c3.} e6 7.
Bd3 Nc6 8. h4 Rg8 9. hxg5 hxg5 10. Nge2 Bd7 11. f3 Qe7 12. e4 O-O-O 13. Qd2 g4
$5 14. exf5 (14. e5 dxe5 15. dxe5 gxf3 16. exf6 fxg2 17. Rg1 Qxf6 $44) 14...
gxf3 15. gxf3 e5 (15... Nxd4 $2 16. Nxd4 Rxg3 17. fxe6 Bxe6 18. O-O-O $36) 16.
dxe5 (16. d5 Nd4 17. Kf2 Nxf5 $132) 16... Nxe5 17. Bxe5 Qxe5 18. Qf4 $1 $14 {
Als ich mit 13...g4 den Schlagabtausch im Zentrum angezettelt hatte, hatte ich
diese starke Möglichkeit übersehen. Obwohl ich in der Analyse immer wieder zu
kämpfen hatte, glaube ich, daß Schwarz ausreichende Kompensation haben sollte.}
Qa5 {Es widerstrebt zwar, mit 18...Bc6!? den Abtausch auf e5 zuzulassen,
jedoch würde der Bauer e5 den Springer e2 behindern. Dagegen hat der Partiezug
den Nachteil, daß die Dame am Damenflügel nichts leistet.} 19. O-O-O d5 20. Nd4
Bb4 21. Nb3 (21. Ncb5 Bxb5 22. Nxb5 a6 23. a3 axb5 24. Qxb4 (24. axb4 Qa1+ 25.
Kd2 Qxb2 $17) 24... Qxb4 25. axb4 c6 $44) 21... Qb6 22. Rh6 Bd6 $8 23. Qd2 (23.
Qh4 $2 Bg3 $1 24. Qxf6 Bf4+ 25. Kb1 Bxh6 $17) 23... Rg2 $8 24. Qxg2 Bf4+ 25.
Kb1 Bxh6 26. Qg6 {Bislang konnte Schwarz mit Mühe und Not die Balance halten.
Nach dem nächsten Zug in heraufziehender Zeitnot war jedoch alle Mühe
vergebens.} Rh8 $2 (26... Be3 27. Qf7 (27. Bb5 $2 Bxb5 28. Nxb5 Qxb5 29. Qxf6
Qe2 $17) 27... Qd6 $44) 27. Bb5 $1 {Durchkreuzt die Absicht, die lästige Dame
mit Be8 zu vertreiben.} Bxb5 28. Nxb5 Be3 29. a4 a6 30. Nxc7 $1 $18 Rh6 31.
Nxd5 Nxd5 32. Qg8+ Qd8 33. Qxd8+ Kxd8 34. Rxd5+ Kc7 35. Re5 Bf4 36. Re7+ Kc8
37. Nd4 Bg5 38. Rf7 Bf6 39. Ne6 Kb8 40. Nc5 1-0

[Event "Tata Steel-A 74th"]
[Site "Wijk aan Zee"]
[Date "2012.01.25"]
[Round "10"]
[White "Radjabov, Teimour"]
[Black "Van Wely, Loek"]
[Result "1/2-1/2"]
[WhiteElo "2773"]
[BlackElo "2692"]
[Annotator "CB"]
[PlyCount "79"]
[EventDate "2012.01.14"]
[EventType "tourn"]
[EventRounds "13"]
[EventCountry "NED"]
[EventCategory "21"]
[SourceTitle "CBM 147"]
[Source "ChessBase"]
[SourceDate "2012.03.16"]
[SourceVersion "1"]
[SourceVersionDate "2012.03.16"]
[SourceQuality "1"]

1. d4 f5 {Die neue Mode-Eröffnung - Holländisch? Hikaru Nakamura hat sie im
A-Turnier schon zweimal angewandt und damit Boris Gelfand geschlagen.} 2. Nf3
Nf6 3. Bg5 ({Meistens wird} 3. g3 {gespielt.}) 3... e6 4. Nbd2 d5 ({Nach} 4...
Be7 5. Bxf6 Bxf6 6. e4 fxe4 7. Nxe4 {kann Weiß in der Praxis auf eine gute
Statistik verweisen.}) 5. e3 Be7 6. c4 c6 7. Qc2 O-O 8. Bd3 Ne4 9. Bxe7 Qxe7
10. Ne5 (10. O-O Nd7 11. Rac1 g5 12. Ne5 Nxe5 13. dxe5 Qg7 14. f4 Nxd2 15. Qxd2
Bd7 16. b4 a6 17. cxd5 exd5 18. a4 Ra7 19. Qb2 b5 20. Qd4 Raa8 21. fxg5 Qxg5
22. Rf3 Kf7 23. Rcf1 {1-0 (23) Epishin,V (2635)-Pauric,I Kapuskasing 2004})
10... Nd7 11. Ndf3 {Die Neuerung.} (11. Nxd7 Bxd7 12. Nf3 Be8 13. Ne5 Bh5 14.
O-O Nd6 15. cxd5 cxd5 16. Rac1 Rfc8 17. Qa4 Rxc1 18. Rxc1 Rc8 19. Rc5 b6 20.
Rxc8+ Nxc8 21. Qc6 Nd6 22. Qa8+ Be8 23. Qb8 h6 24. Nc6 Qb7 25. Qxb7 Nxb7 26.
Nxa7 Nd6 27. Kf1 Kf7 28. Ke2 Ke7 29. Kd2 Kd8 30. Kc3 Kc7 31. Kb4 g5 32. Nb5+
Nxb5 33. Bxb5 Bf7 34. f4 g4 35. a4 Kb7 36. a5 Kc7 37. a6 Kb8 38. Bd7 Kc7 39.
Kb5 {1-0 (39) Pomes Marcet,J (2425)-Mate Adan,J Suances 1997}) 11... Qb4+ 12.
Ke2 Ndf6 13. c5 Bd7 14. Rhb1 Be8 15. Kf1 h6 16. Kg1 Qa5 17. b4 Qc7 18. a4 a6
19. Ra3 Bh5 20. Rab3 Bxf3 (20... Ng4 $5) 21. gxf3 (21. Nxf3 Ng4 $11) 21... Ng5
22. f4 Nf7 (22... Nge4 $2 23. f3 $18 {wäre für Schwarz suboptimal.}) 23. Ng6
Rfb8 24. b5 axb5 25. axb5 Nd7 26. f3 ({In Betracht kam} 26. Bxf5 $5 exf5 27.
Qxf5 Nf6 28. bxc6 bxc6 29. Rxb8+ Rxb8 30. Rxb8+ Qxb8 31. Ne7+ Kf8 32. Nxc6 {
mit drei Bauern für die Figur und aktiver Position.}) 26... Nh8 27. Ne5 Nxe5
28. fxe5 Ng6 29. Kh1 {Weiß möchte am Königsflügel eine zweite Front
eröffnen.} (29. Qb2 $5 Rc8 30. bxc6 bxc6 31. Rb6 $14) 29... Qd8 30. Qg2 Nf8
31. Rg1 Qe7 32. Qb2 Rc8 33. Qd2 Ra4 34. e4 $5 ({Oder zahmer} 34. bxc6 bxc6 35.
Rb6) 34... dxe4 35. fxe4 Rd8 (35... Rxd4 36. Qxh6 cxb5 $2 37. Be2 $1 Rc7 38.
Rh3 Qxc5 39. Qh8+ Kf7 40. Bh5+ $18) 36. bxc6 bxc6 37. exf5 (37. Qxh6 Rdxd4 38.
Be2 $2 (38. exf5) 38... Ra1 39. Rbb1 $19) 37... exf5 38. Qxh6 Rdxd4 39. Qxc6
Qxe5 40. Qf3 {Weiß bietet hier Remis an und Schwarz - mit nur noch 50
Sekunden auf der Uhr nahm an.} ({Beide Spieler übersahen} 40. Qf3 Ra2 41. Rg2
(41. Qg3 Qd5+ $19) 41... Rxg2 42. Qxg2 Rxd3 43. Rxd3 Qe1+ 44. Qg1 Qe4+ 45. Qg2
Qxd3 $19) 1/2-1/2

[Event "Moscow Aeroflot op-A 14th"]
[Site "Moscow"]
[Date "2015.04.04"]
[Round "9"]
[White "Dubov, Daniil"]
[Black "Lu, Shanglei"]
[Result "1-0"]
[WhiteElo "2627"]
[BlackElo "2570"]
[Annotator "CB"]
[PlyCount "53"]
[EventDate "2015.03.27"]
[EventType "swiss"]
[EventRounds "9"]
[EventCountry "RUS"]
[SourceTitle "CBM 166"]
[Source "ChessBase"]
[SourceDate "2015.05.11"]
[SourceVersion "1"]
[SourceVersionDate "2015.05.11"]
[SourceQuality "1"]

1. d4 f5 $5 {A dutch to fight for first, why not?} 2. Nf3 Nf6 3. Bg5 Ne4 4. Bh4
g6 5. Nbd2 Bg7 6. e3 c5 $5 {Aggression and aggression. Black is not happy with
having a normal position. This is risky, however, as overextension is a real
possibility.} 7. c3 d5 8. Nxe4 fxe4 9. Nd2 cxd4 10. cxd4 O-O $6 (10... Qb6 $1 {
Would have prevented White's next move.}) 11. Qb3 Nc6 12. Rc1 Be6 $2 {The
start of an extremely risky continuation, but probably not so strong.} 13. Qxb7
Nxd4 {The logical follow up, after all...} 14. exd4 Rb8 15. Qa6 Rb6 16. Qa3
Bxd4 {Black is down a piece, but he does seem to have some initiative...} 17.
Nb3 Rxb3 (17... Bg7 18. Be2 d4 19. O-O d3 20. Bd1 {doesn't seem to leave Black
with any compensation.}) 18. Qxb3 $6 (18. axb3 Qb6 19. Rc2 $18) 18... Qa5+ 19.
Kd1 Bd7 20. Qb7 $2 Qa4+ $4 (20... e3 $1 {Suddenly after this move it would not
have been so clear... White has several choices, but they aren't clear cut.}
21. Qxd5+ (21. Rc2 Bf5 $13) (21. fxe3 Bxe3 22. Rc3 Qa4+ 23. Qb3 Qxh4 $15) 21...
Qxd5 22. Bc4 Qxc4 23. Rxc4 exf2 24. Rxd4 f1=Q+ 25. Rxf1 Rxf1+ $11 {Suddenly
Black seems like he will hold a draw.}) 21. b3 Bg4+ 22. f3 $1 {A nice,
accurate move. This move diffuses the attack:} exf3 23. Qxd5+ (23. bxa4 $4
fxg2+ 24. Kc2 gxh1=Q) 23... e6 (23... Kh8 24. bxa4 fxg2+ 25. Kc2 $18 {and h1
is now defended.}) 24. Qxe6+ Bxe6 25. bxa4 Bd5 26. gxf3 Bxf3+ 27. Kd2 {White
is simply up a piece since Bxh1 runs into Bc4.} 1-0

[Event "St Petersburg op"]
[Site "St Petersburg"]
[Date "1994.??.??"]
[Round "9"]
[White "Ryskin, Alexander"]
[Black "Malaniuk, Vladimir P"]
[Result "1/2-1/2"]
[WhiteElo "2500"]
[BlackElo "2595"]
[Annotator "Chekhov,V"]
[PlyCount "80"]
[EventDate "1994.02.??"]
[EventType "swiss"]
[EventRounds "9"]
[EventCountry "RUS"]
[SourceTitle "CBM 041"]
[Source "ChessBase"]
[SourceDate "1994.08.01"]
[SourceVersion "1"]
[SourceVersionDate "1994.08.01"]
[SourceQuality "1"]

1. d4 f5 2. Nc3 Nf6 3. Bg5 d5 4. Bxf6 exf6 5. e3 Be6 $5 $146 (5... c6 6. Bd3
Na6 $5 7. a3 Nc7 8. h4 (8. h3 $5) 8... h5 9. Nh3 g6 10. Nf4 Kf7 11. Nce2 Ne6
12. c4 $14 {Salov,V-Malaniuk,V/SSSR/1988/1:0 (73)/ Inf 46/130/}) 6. Bd3 Nc6 $5
7. Nf3 (7. a3 $5 Qd7 8. Qf3 {/\Ne2-f4/}) 7... Qd7 8. a3 Na5 9. b3 b6 10. Ne2 (
10. O-O $5) 10... Be7 11. c3 g6 12. Qc2 c5 $15 13. dxc5 bxc5 14. b4 Nc4 15. Nf4
Bf7 16. O-O O-O 17. Rfd1 Qb7 18. Be2 (18. Qa2 $5) 18... a5 $1 19. bxc5 Bxc5 20.
Nd4 Ra6 (20... Nxa3 $5 21. Qc1 Bxd4 22. Rxd4 Nc4 23. Bf3 Nb6 $13) 21. Rab1 (21.
a4 $5 Rb6 22. Nb5) 21... Qa8 22. Qa2 Nxa3 $5 (22... a4 23. Nc2 $1 $8 Nb6 24.
Rb5 $36) (22... Rb8 23. Nb5 $1 (23. Nc2 Rxb1 24. Rxb1 Rb6 $15) 23... Qc6 24.
Nxd5 $1) (22... Rb6 $5 23. Rxb6 (23. Nb5 $6 Nxe3 $1) 23... Bxb6 24. Rb1 Rb8)
23. Bxa6 Nxb1 24. Qxa5 Nxc3 25. Qxc3 Bxd4 26. Qxd4 Qxa6 27. Nxd5 Bxd5 28. Qxd5+
Kg7 29. h4 $10 Rf7 30. h5 Qe2 $1 31. hxg6 hxg6 32. Ra1 Qb2 33. Ra8 Qb4 34. g3 (
34. Qd8 Rf8 35. Ra7+ Rf7) 34... Qb1+ 35. Kh2 Qb2 36. Ra2 Qb7 $1 37. Qxb7 (37.
Qd4 Rf8 $1) 37... Rxb7 38. Kg2 g5 39. Rd2 Rb3 40. Ra2 Rb7 1/2-1/2

[Event "Vienna op"]
[Site "Vienna"]
[Date "1996.??.??"]
[Round "4"]
[White "Lputian, Smbat G"]
[Black "Kobalia, Mihail"]
[Result "1-0"]
[WhiteElo "2595"]
[BlackElo "2495"]
[Annotator "Chekhov,V"]
[PlyCount "103"]
[EventDate "1996.??.??"]
[EventType "swiss"]
[EventRounds "9"]
[EventCountry "AUT"]
[SourceTitle "CBM 053 Extra"]
[Source "ChessBase"]
[SourceDate "1996.09.01"]
[SourceVersion "1"]
[SourceVersionDate "1996.09.01"]
[SourceQuality "1"]

1. d4 f5 2. Nc3 Nf6 3. Bg5 d5 4. e3 e6 5. Nf3 Be7 (5... c5 $5 6. Be2 Nc6 7. O-O
Be7 8. dxc5 Bxc5 9. Na4 Be7 10. c4 O-O 11. Nc3 dxc4 12. Qxd8 Rxd8 13. Bxc4 Kf8
14. Rfd1 $14 {Babu,N-Gufeld,E/Calcutta/1994/0,5/25/}) 6. Bd3 (6. Ne5 $5 O-O 7.
Bd3 c5 8. O-O Nbd7 9. Nxd7 Bxd7 10. dxc5 Bxc5 11. Bxf5 $1 h6 12. Bxf6 Qxf6 13.
Bd3 Bc6 $44 {Klaric,Z-Malaniuk,V/Kecskemet/1991/0|1/41/}) 6... c5 7. dxc5 Qa5
$6 (7... Bxc5 8. O-O O-O 9. Na4 Be7 10. c4 $14) 8. Bb5+ $1 Bd7 9. Nd4 Ne4 (9...
Bxb5 10. Ndxb5 Bxc5 11. Bxf6 gxf6 12. Qh5+ $36) 10. Bxd7+ Nxd7 11. Bxe7 Kxe7 (
11... Nxc3 12. Qd2 Kxe7 13. Nb3 Qb4 14. bxc3 Qc4 15. Qd4 $16) 12. Nb3 Qc7 (
12... Nxc3 13. Qd2 Qb4 14. bxc3 Qc4 15. Qd4 $16) 13. Qd4 Ndf6 14. Na4 Rac8 15.
f3 Ng5 16. O-O-O $18 Rhd8 (16... b6 17. Qf4 h6 18. Qxc7+ Rxc7 19. cxb6 $18) (
16... b5 17. Nc3 a6 18. a4 $1 $18) 17. Qb4 Ke8 (17... Kf7 18. h4 $18) 18. Nd4
Qe7 19. Nb5 Nf7 20. Nxa7 Ra8 21. Nb5 Kf8 22. a3 (22. Kb1 $5) 22... Nd7 23. e4
fxe4 24. fxe4 dxe4 25. Qxe4 Kg8 (25... Nxc5 26. Nxc5 Qxc5 27. Nd4 $18) 26. Kb1
(26. Nb6 $4 Nxb6 27. cxb6 Qg5+ 28. Kb1 Qxb5) 26... Nxc5 27. Rxd8+ Nxd8 28. Nxc5
Qxc5 29. Nd4 Ra6 30. Nf3 Rd6 31. Re1 Nc6 32. h4 h6 33. Qg6 Qc4 34. g4 Nd4 35.
Nxd4 Qxd4 (35... Rxd4 36. b3 Qc8 37. Rxe6 $18) 36. g5 Qg4 (36... Qxh4 $4 37.
Qe8+ Kh7 38. g6#) 37. Re4 Qg2 38. Ka2 b5 39. Rb4 hxg5 40. hxg5 Qc6 41. Rf4 Qd7
42. Rh4 e5 43. Qh7+ Kf7 44. Rh1 Qe6+ 45. Kb1 Qg6 46. Rf1+ Ke7 47. Qg8 Rc6 48.
Rf2 e4 (48... Qxg5 49. Rf7+ Kd6 50. Rxg7 $18) 49. Qf8+ Ke6 50. Qb4 Qxg5 (50...
e3 51. Qb3+ Kd7 52. Qxe3 $18) 51. Qxe4+ Kd6 52. Rg2 1-0

[Event "Oslo-B"]
[Site "Oslo"]
[Date "1992.??.??"]
[Round "1"]
[White "Diesen, Bruce"]
[Black "Bern, Ivar"]
[Result "0-1"]
[WhiteElo "2325"]
[BlackElo "2395"]
[Annotator "ChessBase"]
[PlyCount "72"]
[EventDate "1992.??.??"]
[EventType "tourn"]
[EventRounds "9"]
[EventCountry "NOR"]
[EventCategory "4"]
[SourceTitle "TD"]
[Source "ChessBase"]
[SourceDate "1994.03.01"]
[SourceVersion "1"]
[SourceVersionDate "1994.03.01"]
[SourceQuality "1"]

1. d4 f5 2. Bg5 c6 3. Nc3 d5 {[etter 3.- Qb6 kan hvit i verste fall spille 4.
Rb1]} 4. e3 Nf6 5. Bd3 e6 6. Nge2 Be7 7. f3 O-O 8. O-O h6 9. Bf4 b5 10. Nb1 Bd7
11. c3 c5 12. Nd2 c4 13. Bc2 Nc6 14. e4 $2 {[Bedre er 14.h3, men sort stÅr noe
bedre.]} g5 15. Bg3 dxe4 16. fxe4 Ng4 17. Rf3 (17. Bf2 Qc7 18. Nf3 $2 fxe4 19.
Bxe4 Rxf3 {kan ikke anbefales (for hvit)}) 17... f4 18. Bf2 e5 19. b3 exd4 (
19... Nxh2 $2 20. Kxh2 g4 21. bxc4 gxf3 22. Nxf3 bxc4 23. dxe5 {er fordelaktig
for hvit.}) 20. cxd4 Qb6 21. bxc4 Nxf2 22. Rxf2 Nxd4 23. Nxd4 Qxd4 24. Nb3 (24.
Nf3 Qxd1+ 25. Rxd1 Bg4 {og sort vinner bonde eller kvalitet.}) 24... Qxd1+ 25.
Rxd1 Bg4 26. Rd4 {[#]} a5 $1 27. cxb5 a4 28. Rfd2 Be6 $1 29. Nc1 Bc5 30. Ne2
Bxa2 31. Kf1 Bxd4 32. Nxd4 Bc4+ 33. Kf2 Rfd8 34. b6 a3 35. b7 Rab8 36. Bb1 Rxb7
0-1